000 00701nam a2200205Ia 4500
001 3315
003 GE_BSU
008 181216s||||||||xx |||||||||||||| ||und||
040 _cGE_BSU
080 _a658
100 _aГрачева,К.А.
245 _aЭкономика,организация и планирование сварочного производства.
245 _bУчебное пособие для вузов.
260 _aМ.
260 _bМашиностроение.
260 _c1984.
300 _a368 стр.с илл.
653 _aЭкономика,организация и планирование сварочного производства.
942 _cBK
999 _c37356
_d37356